Guess the Rock Type Click Quiz - Statistics

General Stats
  • This quiz has been taken 258 times
  • The average score is 8 of 15
Answer Stats
Hint Answer % Correct
Sandstone Sedimentary
83%
Chalk Sedimentary
76%
Basalt Igneous
69%
Conglomerate Sedimentary
63%
Metaquartzite Metamorphic
61%
Shale Sedimentary
61%
Marble Metamorphic
59%
Granite Igneous
58%
Schist Metamorphic
50%
Rhyolite Igneous
48%
Andesite Igneous
47%
Gneiss Metamorphic
47%
Gabbro Igneous
42%
Breccia Sedimentary
40%
Slate Metamorphic
38%
No matching quizzes found
Score Distribution
Percent of People with Each Score
Percentile by Number Answered
Your Score History
You have not taken this quiz